000 00501nam a2200193Ia 4500
008 101110s9999 xx 000 0 und d
041 _aENGLISH
082 _bSR19755
100 _aLall G.S.
245 _aEncyclopaedia of Banking Terminoloy
365 _b150
520 _aReference Books
546 _aENGLISH
630 _aEncyclopaedia of Banking Terminoloy
650 _aReference Books
655 _aReference Books
730 _aEncyclopaedia of Banking Terminoloy
942 _cBOOK
999 _c812989
_d812986